000 01484nas a2200277Ia 4500
001 R248-R3449
003 IT-CnALBA
008 170116c99999999xx |||||||||||| ||und||
040 _aIT-CnALBA
_cIT-CnALBA
041 _aITALIANO
100 _aTURCHI P. ATHOS
210 _aRIVISTA DI ASCETICA E MISTICA
222 _aRIVISTA DI ASCETICA E MISTICA
245 0 _aRIVISTA DI ASCETICA E MISTICA. N. IV. ANNO XIV. OTTOBRE DICEMBRE 1989.
250 _a1a ed.
260 _a FIRENZE
_bCONVENTO SAN MARCO
_c1989
300 _a112 p.
310 _aTRIMESTRALE
362 _aFascicolo: 4 / Anno: 14 (1989)
500 _aSOFFERENZA DI DIO IN CRISTO. I TEMPLARI. GIOVANE HANDICAPPATA. DON BOSCO E MAMMA MARGHERITA. GUASTI CESARE E I DOMENICANI. ETICA DI GREGORIO PALAMAS. GRAZIA LIBERTÀ OBBEDIENZA. CARME DI GREGORIO NAZIANZENO. FRANCESCHI FILIPPO MONSIGNORE CON GRATITUDINE. PODIO G. D'URSO G. PETRA' B. LECLERCQ J. NARDI C. PEDRINI A. DE FEO F.
501 _aSocietà San Paolo EM - Piazza San Paolo, 14 - 12051 ALBA (CN) (non commercial uses only) ® Copyright 2017
520 _aSOFFERENZA DI DIO IN CRISTO. I TEMPLARI. GIOVANE HANDICAPPATA. DON BOSCO E MAMMA MARGHERITA. GUASTI CESARE E I DOMENICANI. ETICA DI GREGORIO PALAMAS. GRAZIA LIBERTÀ OBBEDIENZA. CARME DI GREGORIO NAZIANZENO. FRANCESCHI FILIPPO MONSIGNORE CON GRATITUDINE. PODIO G. D'URSO G. PETRA' B. LECLERCQ J. NARDI C. PEDRINI A. DE FEO F.
650 _aASCETICA E MISTICA
942 _cCR
957 _71
999 _a13494
_bNO
_g1
_c321548
_d321548